000 00495nam a22001697a 4500
005 20251108164012.0
008 250721s1990 xx 000 0 ara d
082 1 4 _a218.2/ناص
100 1 _aالناصر، محمد عبد الحفيظ
245 1 0 _aالآداب الإجتماعية في الإسلام /
264 1 _aعمان :
_c1990.
300 _a91ص
650 1 7 _aالآداب الإسلامية
650 1 7 _aالآداب الإجتماعية
942 _2ddc
_cBK
999 _c1129
_d1129